La historia prohibida del Sahara español / (Record no. 53906)

MARC details
000 -LEADER
campo de control de longitud fija 00889nam a2200289 i 4500
001 - NÚMERO DE CONTROL
campo de control 53906
003 - IDENTIFICADOR DE NÚMERO DE CONTROL
campo de control ES-MaACL
005 - FECHA Y HORA DE LA ÚLTIMA TRANSACCIÓN
campo de control 20240611121248.0
007 - CAMPO FIJO DE DESCRIPCIÓN FÍSICA--INFORMACIÓN GENERAL
campo de control de longitud fija t|
008 - DATOS DE LONGITUD FIJA--INFORMACIÓN GENERAL
campo de control de longitud fija 031118s2002 sp ||||0| spa d
020 ## - NÚMERO INTERNACIONAL ESTÁNDAR DEL LIBRO
Número Internacional Estándar del Libro 84-233-3446-5
080 ## - NÚMERO DE LA CLASIFICACIÓN DECIMAL UNIVERSAL
Número de la Clasificación Decimal Universal 94(648)"1884/1975"
080 ## - NÚMERO DE LA CLASIFICACIÓN DECIMAL UNIVERSAL
Número de la Clasificación Decimal Universal 32(648)"1975/..."
100 1# - ENTRADA PRINCIPAL--NOMBRE DE PERSONA
Nombre de persona Bárbulo, Tomás.
9 (RLIN) 25486
245 13 - MENCIÓN DEL TÍTULO
Título La historia prohibida del Sahara español /
Mención de responsabilidad, etc. Tomás Bárbulo.
250 ## - MENCION DE EDICION
Mención de edición 1ª ed.
260 ## - PUBLICACIÓN, DISTRIBUCIÓN, ETC.
Lugar de publicación, distribución, etc. Barcelona :
Nombre del editor, distribuidor, etc. Destino,
Fecha de publicación, distribución, etc. 2002.
300 ## - DESCRIPCIÓN FÍSICA
Extensión 346 p :
Otras características físicas il ;
Dimensiones 23 cm.
490 1# - MENCIÓN DE SERIE
Mención de serie Imago mundi ;
Designación de volumen o secuencia 21
504 ## - NOTA DE BIBLIOGRAFÍA, ETC.
Nota de bibliografía, etc. Bibliografía: p. 333-[336]
651 #4 - PUNTO DE ACCESO ADICIONAL DE MATERIA--NOMBRE GEOGRÁFICO
Nombre geográfico Sahara occidental-
Subdivisión general Historia-
Subdivisión cronológica 1884-1975.
9 (RLIN) 9348
651 #4 - PUNTO DE ACCESO ADICIONAL DE MATERIA--NOMBRE GEOGRÁFICO
Nombre geográfico Sahara occidental-
Subdivisión general Política y gobierno-
Subdivisión cronológica 1975-
9 (RLIN) 9349
830 10 - PUNTO DE ACCESO ADICIONAL DE SERIE-TÍTULO UNIFORME
Título uniforme Imago mundi (Barcelona) ;
Designación de volumen o secuencia 21
9 (RLIN) 236939
852 ## - LOCALIZACIÓN
Ubicación ES-MaACL
Número de control de estantería L-26708
942 ## - ELEMENTOS DE ENTRADA SECUNDARIOS (KOHA)
Fuente del sistema de clasificación o colocación Clasificación decimal universal
Holdings
Estatus retirado Estado de pérdida Estado de daño No para préstamo Biblioteca de origen Biblioteca actual Ubicación en estantería Fecha de adquisición Fuente de adquisición Total de préstamos Signatura topográfica completa Código de barras Visto por última vez Precio de reemplazo Tipo de ítem Koha
        Biblioteca del Ateneo de Madrid Biblioteca del Ateneo de Madrid Depósito 2 17/01/2008     L-26708 1056651 23/02/2023 23/02/2023 Libro impreso